<?xml version="1.0" encoding="UTF-8"?><?xml-stylesheet type="text/xsl" href="static/style.xsl"?><OAI-PMH xmlns="http://www.openarchives.org/OAI/2.0/" xmlns:xsi="http://www.w3.org/2001/XMLSchema-instance" xsi:schemaLocation="http://www.openarchives.org/OAI/2.0/ http://www.openarchives.org/OAI/2.0/OAI-PMH.xsd"><responseDate>2026-04-14T03:32:03Z</responseDate><request verb="GetRecord" identifier="oai:www.recercat.cat:2117/445790" metadataPrefix="marc">https://recercat.cat/oai/request</request><GetRecord><record><header><identifier>oai:recercat.cat:2117/445790</identifier><datestamp>2025-11-08T13:11:23Z</datestamp><setSpec>com_2072_1033</setSpec><setSpec>col_2072_452951</setSpec></header><metadata><record xmlns="http://www.loc.gov/MARC21/slim" xmlns:dcterms="http://purl.org/dc/terms/" xmlns:xsi="http://www.w3.org/2001/XMLSchema-instance" xmlns:doc="http://www.lyncode.com/xoai" xsi:schemaLocation="http://www.loc.gov/MARC21/slim http://www.loc.gov/standards/marcxml/schema/MARC21slim.xsd">
   <leader>00925njm 22002777a 4500</leader>
   <datafield ind2=" " ind1=" " tag="042">
      <subfield code="a">dc</subfield>
   </datafield>
   <datafield ind2=" " ind1=" " tag="720">
      <subfield code="a">El Khchin El Jolfi, Layla</subfield>
      <subfield code="e">author</subfield>
   </datafield>
   <datafield ind2=" " ind1=" " tag="260">
      <subfield code="c">2025-10-15</subfield>
   </datafield>
   <datafield ind2=" " ind1=" " tag="520">
      <subfield code="a">El projecte consisteix en una Jornada Interdisciplinària que implica alumnes de primer d’ESO i de CFGM de Jardineria i Floristeria i Cuina i Gastronomia. L’objectiu és fomentar l’aprenentatge pràctic, significatiu i col·laboratiu, integrant coneixements tècnics amb competències transversals com la creativitat, la cooperació i la responsabilitat ambiental. Els alumnes de CFGM dissenyaran i prepararan estands temàtics i esmorzars ecològics, mentre que els alumnes de primer d’ESO participaran en grups reduïts, experimentant i aprenent activament en cada estand. La jornada inclou fases prèvies de planificació, dinàmiques d’integració, elaboració de materials i assaigs, així com la celebració final amb rotació per estands i degustació dels esmorzars. L’estudi es basa en la percepció del professorat per avaluar la viabilitat i el potencial de l’activitat, ja que no ha estat implementada pràcticament.</subfield>
   </datafield>
   <datafield ind2=" " ind1=" " tag="520">
      <subfield code="a">El proyecto consiste en una Jornada Interdisciplinaria que involucra a alumnos de 1º de ESO y a estudiantes de CFGM de Jardinería y Floristería y Cocina y Gastronomía. Su objetivo es fomentar un aprendizaje práctico, significativo y colaborativo, integrando conocimientos técnicos con competencias transversales como la creatividad, la cooperación y la responsabilidad ambiental. Los alumnos de CFGM diseñarán y prepararán stands temáticos y desayunos ecológicos, mientras que los alumnos de 1º de ESO participarán en grupos reducidos, experimentando y aprendiendo activamente en cada stand. La jornada incluye fases previas de planificación, dinámicas de integración, elaboración de materiales y ensayos, así como la celebración final con rotación por stands y degustación de los desayunos. El estudio se basa en la percepción del profesorado para evaluar la viabilidad y el potencial de la actividad, ya que no se ha implementado de manera práctica.</subfield>
   </datafield>
   <datafield ind2=" " ind1=" " tag="520">
      <subfield code="a">The project consists of an Interdisciplinary Day involving 1st-year High School education students and students from Vocational Training in Gardening and Floristry and Cooking and Gastronomy. Its aim is to promote practical, meaningful, and collaborative learning, integrating technical knowledge with transversal skills such as creativity, cooperation, and environmental responsibility. Vocational students will design and prepare thematic stands and ecological breakfasts, while 1st-year High School education students will participate in small groups, actively experiencing and learning at each stand. The day includes preparatory phases, integration dynamics, material preparation, rehearsals, and the final celebration with rotation through stands and tasting of the breakfasts. The study is based on teachers’ perceptions to evaluate the feasibility and potential of the activity, as it has not been implemented in practice.</subfield>
   </datafield>
   <datafield ind1="8" ind2=" " tag="024">
      <subfield code="a">http://hdl.handle.net/2117/445790</subfield>
   </datafield>
   <datafield tag="653" ind2=" " ind1=" ">
      <subfield code="a">Àrees temàtiques de la UPC::Ensenyament i aprenentatge::Metodologies docents::Aprenentatge basat en problemes i projectes</subfield>
   </datafield>
   <datafield tag="653" ind2=" " ind1=" ">
      <subfield code="a">Affective education</subfield>
   </datafield>
   <datafield tag="653" ind2=" " ind1=" ">
      <subfield code="a">Team learning approach in education</subfield>
   </datafield>
   <datafield tag="653" ind2=" " ind1=" ">
      <subfield code="a">Aprenentatge pràctic</subfield>
   </datafield>
   <datafield tag="653" ind2=" " ind1=" ">
      <subfield code="a">Interdisciplinari</subfield>
   </datafield>
   <datafield tag="653" ind2=" " ind1=" ">
      <subfield code="a">Sostenibilitat</subfield>
   </datafield>
   <datafield tag="653" ind2=" " ind1=" ">
      <subfield code="a">Cooperació</subfield>
   </datafield>
   <datafield tag="653" ind2=" " ind1=" ">
      <subfield code="a">Creativitat</subfield>
   </datafield>
   <datafield tag="653" ind2=" " ind1=" ">
      <subfield code="a">ESO</subfield>
   </datafield>
   <datafield tag="653" ind2=" " ind1=" ">
      <subfield code="a">Formació professional</subfield>
   </datafield>
   <datafield tag="653" ind2=" " ind1=" ">
      <subfield code="a">Educació ambiental</subfield>
   </datafield>
   <datafield tag="653" ind2=" " ind1=" ">
      <subfield code="a">Practical learning</subfield>
   </datafield>
   <datafield tag="653" ind2=" " ind1=" ">
      <subfield code="a">Interdisciplinary</subfield>
   </datafield>
   <datafield tag="653" ind2=" " ind1=" ">
      <subfield code="a">Sustainability</subfield>
   </datafield>
   <datafield tag="653" ind2=" " ind1=" ">
      <subfield code="a">Cooperation</subfield>
   </datafield>
   <datafield tag="653" ind2=" " ind1=" ">
      <subfield code="a">Creativity</subfield>
   </datafield>
   <datafield tag="653" ind2=" " ind1=" ">
      <subfield code="a">High School education</subfield>
   </datafield>
   <datafield tag="653" ind2=" " ind1=" ">
      <subfield code="a">Vocational training</subfield>
   </datafield>
   <datafield tag="653" ind2=" " ind1=" ">
      <subfield code="a">Environmental education</subfield>
   </datafield>
   <datafield tag="653" ind2=" " ind1=" ">
      <subfield code="a">Educació secundària obligatòria</subfield>
   </datafield>
   <datafield tag="653" ind2=" " ind1=" ">
      <subfield code="a">Educació emocional</subfield>
   </datafield>
   <datafield tag="653" ind2=" " ind1=" ">
      <subfield code="a">Aprenentatge--Treball en equip</subfield>
   </datafield>
   <datafield ind2="0" ind1="0" tag="245">
      <subfield code="a">Jornada educativa de ciència i sostenibilitat: un pont intergeneracional entre jardineria i floristeria i ESO</subfield>
   </datafield>
</record></metadata></record></GetRecord></OAI-PMH>